Datum a čas kvízu
27.5
Celkem bodů
Celkový počet nahraných bodů na tomto kvízu bez doplňovacích otázek.
10.
Pořadí na kvízu
Konečné umístění týmu na tomto kvízu.
Zaznamenané odpovědi
| # | Otázka | Odpověď | Body | Výsledky |
|---|---|---|---|---|
| 1. | Příslušníci jisté profese se v... | popeláři | 1 | |
| 2. | Parašutista Nicolas Scarabrin... | oko jehly | 0 | |
| 3. | TV Prima minulý týden představ... | Asia Express | 1 | |
| 4. | Tým španělských vědců vedený D... | slinivky | 1 | |
| 5. | Mistry republiky 2026 se o vík... | A | 1 | |
| 6. | Na obrázku níže můžete vidět d... | Drákula a Frankenstein | 1 | |
| 7. | Co by to bylo za hororové téma... | C | 0 | |
| 8. | Ze které (převážně videoherní)... | Resident Evil | 1 | |
| 9. | Přiřaďte herce a herečky k jej... | 1D 2A 3B 4C | 0 | |
| 10. | Čím je inspirován česko-americ... | D | 1 |